La edad preescolar y el comienzo de la escuela /
Guardado en:
| Autor Principal: | |
|---|---|
| Formato: | Libro |
| Publicado: |
Argentina :
Kapelusz,
1978
|
| Materias: | |
| Etiquetas: |
Agregar Etiqueta
Sin Etiquetas, Sea el primero en etiquetar este registro!
|
| LEADER | 00595nam a22002055a 4500 | ||
|---|---|---|---|
| 001 | CEM.cems003542 | ||
| 005 | 19000101000000.0 | ||
| 008 | 130507s1978##################000#0#####d | ||
| 003 | CEMS | ||
| 082 | 0 | 4 | |a 372.21 |
| 100 | 1 | |a Kampmuller, Otto | |
| 245 | 1 | 0 | |a La edad preescolar y el comienzo de la escuela / |c Otto Kampmuller |
| 260 | |a Argentina : |b Kapelusz, |c 1978 | ||
| 300 | |a 120 p. | ||
| 653 | |a Educacion | ||
| 653 | |a Educacion preescolar | ||
| 653 | |a Jardin de infantes | ||
| 653 | |a Niños-musica | ||
| 653 | |a Numero-iniciacion | ||
| 859 | |a CEMS |b BIB. CEMS - 11 de abril |h 372.21 |i K129 |p 8988.81 |t Ej.1 | ||
